00379nam a2200145Ia 4500008004100000084001400041100002400055245004900079250002000128260001800148260000900166260001100175300001200186500003500198180424s9999 xx 000 0 und d a822.3D F1 a"Farnham, Willar D" 0aDoctor Faustus collection of Critical Essays a\\196900ENGGPSX aPrentice Hall b1969 cLondon avi+120p aincludes index and biblioraphy